000 00376 a2200157 4500
001 153212
040 _cEscola São Tomás de Aquino
100 _aSCLIAR, Moacyr
240 1 0 _aAquele estranho colega, o meu pai.
_lpor
245 1 0 _aAquele estranho colega, o meu pai.
300 _a64
362 0 _a2002
440 1 _aAtual
697 _a*LITERATURA JUVENIL
942 _cBK
999 _c153212
_d153212